MARC

LEADER 00000nam0a2200000 4500
001 366008
005 20231102011835.0
035 |a (RuTPU)RU\TPU\retro\23371 
090 |a 366008 
100 |a 20220127d1979 km y0rusy50 ca 
101 0 |a rus 
102 |a RU 
105 |a a z 001zy 
200 1 |a Конструктивные методы анализа нелинейных систем  |f Е. А. Гребеников, Ю. А. Рябов 
210 |a Москва  |c Наука  |d 1979 
215 |a 431 с.  |c ил. 
225 1 |a Нелинейный анализ и его приложения 
320 |a Библиогр.: с. 425-431 
606 1 |a Нелинейные системы  |2 stltpush  |3 (RuTPU)RU\TPU\subj\65909  |9 82251 
610 1 |a анализ 
610 1 |a конструктивные методы 
610 1 |a асимптотическая теория 
610 1 |a метод усреднения 
610 1 |a приложения 
610 1 |a метод итерации 
610 1 |a критические случаи 
610 1 |a сходимость 
610 1 |a уравнения Ляпунова 
675 |a 517.957  |v 4 
700 1 |a Гребеников  |b Е. А.  |g Евгений Александрович 
701 1 |a Рябов  |b Ю. А.  |g Юрий Александрович 
801 1 |a RU  |b 63413507  |c 20220127 
801 2 |a RU  |b 63413507  |c 20220127  |g RCR 
942 |c BK